00935cam a22002651 4500001001300000003000400013005001700017008004100034010001700075035001900092040008300111042001200194050001700206082001000223086001900233100003300252245003000285260009200315300002300407410011600430500001600546650004600562650004400608999001700652hew60000097 DLC20260227111510.0740925s1960 dcu f000 0 eng c ahew60000097  a(OCoLC)1020769 aU.S. Dept. of Health, Education, and Welfare. LibrarycTxU-DadOCoLCdISSdDLC apremarc00aLB2331b.H37 a378.20 aFS 5.250:550101 aHatch, Winslow Roper,d1908-14aThe experimental college. a[Washington]bU.S. Dept. of Health, Education, and Welfare, Office of Educationc[1960] aiii, 13 p.c23 cm.10aUnited States.bOffice of Education.bDivision of Higher Education.tNew dimensions in higher education,vno. 3 a"OE-50010." 0aUniversities and collegeszUnited States. 0aEducation, HigherxAims and objectives. c34259d34259